| Tag |
First Indicator |
Second Indicator |
Subfields |
| LEADER |
00000cam a2200000 4500 |
| 001 |
in00000061580 |
| 005 |
20151007082849.0 |
| 008 |
800428s1959 ii 00000 eng d |
| 035 |
|
|
|a (OCoLC)06253703
|
| 035 |
|
|
|9 AAF8509AM
|
| 040 |
|
|
|a TXA
|c TXA
|d UtOrBLW
|
| 049 |
|
|
|a TXAM
|c [336280]
|
| 090 |
|
|
|a DS448
|b .R35 1959
|
| 092 |
|
|
|a 327.54
|b R161i
|
| 100 |
1 |
|
|a Raj, B. V. Govinda.
|
| 245 |
1 |
0 |
|a India and disputes in the United Nations, 1946-54.
|
| 250 |
|
|
|a [1st ed.].
|
| 264 |
|
1 |
|a Bombay :
|b Vora,
|c [1959]
|
| 300 |
|
|
|a 280 pages
|
| 336 |
|
|
|a text
|b txt
|2 rdacontent
|
| 337 |
|
|
|a unmediated
|b n
|2 rdamedia
|
| 338 |
|
|
|a volume
|b nc
|2 rdacarrier
|
| 610 |
2 |
0 |
|a United Nations
|z India.
|
| 651 |
|
0 |
|a India
|x Foreign relations.
|
| 999 |
|
|
|a MARS
|
| 999 |
f |
f |
|s 64650930-cb90-3f3c-bad5-bc94a547360e
|i 20a78ea1-32f5-3551-abf2-6784ce2eaf23
|t 0
|
| 952 |
f |
f |
|p ric
|a Texas A&M University
|b Rellis Campus
|c Joint Library Facility
|d Remote Storage
|t 0
|e DS448 .R35 1959
|h Library of Congress classification
|i unmediated -- volume
|m A14800676581
|
| 998 |
f |
f |
|a DS448 .R35 1959
|t 0
|l Remote Storage
|